000 00282nam a22001217a 4500
008 180517b xxu||||| |||| 00| 0 eng d
041 _aeng
080 _a043.3
100 _a0
101 _aARK-BTH
245 _aNdërtese shoqërore: Shtëpi e pleqëve
_cGashi,A
942 _2udc
_cBK
999 _c45883
_d45883